Catalog

Record Details

Catalog Search



O správném řádu sdělování lidského života : Humanae vitae  Cover Image Book Book

O správném řádu sdělování lidského života : Humanae vitae / Pavel VI.

Record details

  • ISBN: 80-900335-5-5
  • Physical Description: 32 s. ; 21 cm
  • Edition: 3. čes. vyd.
  • Publisher: Praha : Scriptum, 1991
Subject: Dokumenty papežů
texty
Genre: texty

Available copies

  • 1 of 1 copy available at Common Catalog SPOK.

Holds

  • 0 current holds with 1 total copy.
Show Only Available Copies
Location Call Number / Copy Notes Barcode Shelving Location Status Due Date
Jabok Library EK-4.1.2 424480005330 Odborná literatura Available -

LDR 00816nam a2200253ua 4500
0014127
003CZ-PrJAB
00520190314084146.0
008971029s1991 xr e u||| | cze
020 . ‡a80-900335-5-5 ‡q(brož.)
035 . ‡a(CZ PrSKC)000129585
040 . ‡aCBD005 ‡bcze
1000 . ‡aPavel ‡bVI., ‡cpapež, ‡d1897-1978 ‡7jn20000701384 ‡4aut
24510. ‡aO správném řádu sdělování lidského života : ‡bHumanae vitae / ‡cPavel VI.
250 . ‡a3. čes. vyd.
260 . ‡aPraha : ‡bScriptum, ‡c1991
300 . ‡a32 s. ; ‡c21 cm
65004. ‡aDokumenty papežů
65007. ‡atexty ‡7ph126631 ‡2czenas
655 7. ‡atexty ‡7fd133699 ‡2czenas
7102 . ‡aKatolická církev. ‡bPapež (1963-1978 : Pavel VI.) ‡7kn20010710510
910 . ‡aABG312
995 . ‡aska
901 . ‡a4127 ‡bUnknown ‡c4127 ‡tbiblio

Additional Resources